| Tag |
First Indicator |
Second Indicator |
Subfields |
| LEADER |
00000cam a2200000 4500 |
| 001 |
in00000027590 |
| 005 |
20151007062647.0 |
| 008 |
750224s1906 gw 000 0 ger c |
| 010 |
|
|
|a 44010925
|
| 035 |
|
|
|a (OCoLC)01186673
|
| 035 |
|
|
|9 AAD5481AM
|
| 040 |
|
|
|a ZGM
|c ZGM
|d UtOrBLW
|
| 049 |
|
|
|a TXAM
|
| 050 |
0 |
0 |
|a PN553
|b .H2
|
| 100 |
1 |
|
|a Helbing, Franz,
|d 1854-
|
| 245 |
1 |
4 |
|a Die Weltliteratur :
|b illustrierte Geschichte der Literaturen aller Völker und Zeiten, von D. Haek.
|
| 264 |
|
1 |
|a Berlin :
|b J. Singer,
|c [1906]
|
| 300 |
|
|
|a 2 volumes :
|b illustrations (including portraits) ;
|c 25 cm.
|
| 336 |
|
|
|a text
|b txt
|2 rdacontent
|
| 337 |
|
|
|a unmediated
|b n
|2 rdamedia
|
| 338 |
|
|
|a volume
|b nc
|2 rdacarrier
|
| 505 |
0 |
|
|a --I. Geschichte der deutschen Literatur.--II. Die Literaturen fremder Völker.
|
| 650 |
|
0 |
|a Literature
|x History and criticism.
|
| 999 |
|
|
|a MARS
|
| 999 |
f |
f |
|s fcc711e8-d72f-32a5-b9d6-a3f0caa41342
|i a5417885-f203-3f45-9ef7-a281ae63a1a6
|t 0
|
| 952 |
f |
f |
|p ric
|a Texas A&M University
|b Rellis Campus
|c Joint Library Facility
|d Remote Storage
|t 0
|e PN553 .H2
|h Library of Congress classification
|i unmediated -- volume
|m A14801204997
|
| 998 |
f |
f |
|a PN553 .H2
|t 0
|l Remote Storage
|